Participatívny rozpočet v mestskej samospráve

Participatívny rozpočet je jedným z nástrojov občianskej participácie. Vybrané aspekty participatívneho rozpočtu. Implementácia participatívneho rozpočtovania vo svete. Modely participatívneho rozpočtovania.

Gespeichert in:
Bibliographische Detailangaben
1. Verfasser: Hamaďák, Michal
Weitere Verfasser: Šebová, Miriam
Format: Buchkapitel
Sprache:Slowakisch
Schlagworte:
Tags: Tag hinzufügen
Keine Tags, Fügen Sie das erste Tag hinzu!

MARC

LEADER 00000naa a2200000 4500
001 0196389
005 20220509133657.9
041 0 |a slo 
044 |a SK 
245 1 0 |a Participatívny rozpočet v mestskej samospráve  |c Michal Hamaďák, Miriam Šebová 
520 |a Participatívny rozpočet je jedným z nástrojov občianskej participácie. Vybrané aspekty participatívneho rozpočtu. Implementácia participatívneho rozpočtovania vo svete. Modely participatívneho rozpočtovania. 
610 2 0 |a samospráva 
610 2 0 |a mestá 
610 2 0 |a rozpočet štátny 
610 2 0 |a právomoc 
610 2 0 |a občania 
610 2 0 |a rozhodovanie decentralizované 
610 2 0 |a zastupiteľstvá obecné 
100 1 |a Hamaďák, Michal 
700 1 |a Šebová, Miriam